000 00536nam a2200217Ia 4500
003 GCL
008 140319s9999 xx 000 0 eng d
040 _aGCL /
_cGCL
082 0 4 _a502.8566
_bH F
100 1 _aMULLER, H
245 1 0 _aFOCUS ON SCIENTIFIC VISUALIZATION /
_cMULLER, H
700 1 _aHAGEN, H
700 1 _aNIELSON, G. M
260 _a[S.N] :
_bSPRINGER - VERLAG ،
_c1993
300 _a379 P
650 0 4 _aSCIENCE
650 0 4 _aQUETHODOLOGY
650 0 4 _aVISUALIZATION
650 0 4 _aTECHNIQUE
942 _2ddc
_cBK
999 _c14408
_d14408